000 00379pam a2200133a 44500
008 230405s2009 xxu||||| |||| 00| 0 eng d
020 _a8123917465
_cRs.495
082 _a610.73
_bGLA
100 _aGlasper, Alan
245 _aFundamental Aspects of Children's and Young People's Nursing Procedures
260 _aNew Delhi
_bCBS Pub.
_c2009
300 _a434 p
906 _a000612
999 _c249374
_d249374